Central Library OPAC University of Rajshahi

হবিবর রহমান স্মারকগ্রন্থ / (Record no. 55338)

MARC details
000 -LEADER
fixed length control field 01185nam a2200253 a 4500
001 - CONTROL NUMBER
control field 55338
003 - CONTROL NUMBER IDENTIFIER
rucl marc code BD-RjUL
005 - DATE AND TIME OF LATEST TRANSACTION
control field 20211209080241.0
008 - FIXED-LENGTH DATA ELEMENTS--GENERAL INFORMATION
fixed length control field 161116s1974 bg ||||| |||| 00| 0 ben d
020 ## - INTERNATIONAL STANDARD BOOK NUMBER
Terms of availability : Tk. 5.00
035 ## - SYSTEM CONTROL NUMBER
System control number (BD-RjUL)55460
040 ## - CATALOGING SOURCE
Original cataloging agency BD-RjUL
Language of cataloging ben
Transcribing agency BD-RjUL
Modifying agency BD-RjUL
041 ## - LANGUAGE CODE
Language code of text/sound track or separate title ben
082 ## - DEWEY DECIMAL CLASSIFICATION NUMBER
Edition number 23
Classification number 510.92
Author mark and year HAB 1974
245 00 - TITLE STATEMENT
Title হবিবর রহমান স্মারকগ্রন্থ /
Statement of responsibility, etc. শিশিরকুমার ভট্টাচার্য সম্পাদিত
260 ## - PUBLICATION, DISTRIBUTION, ETC. (IMPRINT)
Place of publication, distribution, etc. রাজশাহী :
Name of publisher, distributor, etc. রাজশাহী বিশ্ববিদ্যালয় গণিত সমিতি,
Date of publication, distribution, etc. ১৯৭৪.
300 ## - PHYSICAL DESCRIPTION
Pagination ১৮২ পৃ. :
Illustrations চিত্র ;
Size ২৩ সেমি.
600 ## - SUBJECT ADDED ENTRY--PERSONAL NAME
Personal name রহমান, মুহাম্মদ হবিবর
Dates associated with a name ১৯২৩-১৯৭১
General subdivision জীবনী
Personal name Rahman, Muhammad Habibur
Dates associated with a name 1923-1971
General subdivision Biography
650 ## - SUBJECT ADDED ENTRY--TOPICAL TERM
Topical term or geographic name as entry element গণিতবিদ
Form subdivision জীবনী
9 (RLIN) 164859
Topical term or geographic name as entry element Mathematicians
Form subdivision Biography
9 (RLIN) 164860
700 ## - ADDED ENTRY--PERSONAL NAME
Personal name ভট্টাচার্য, শিশিরকুমার, সম্পাদক
942 ## - ADDED ENTRY ELEMENTS (KOHA)
Source of classification or shelving scheme Dewey Decimal Classification
Koha item type Books
Holdings
Lost status Source of classification or shelving scheme Damaged status Not for loan Collection code Permanent Location Current Location Shelving location Date acquired Source of acquisition Cost, normal purchase price Total Checkouts Full call number Date last seen Copy number Koha item type
  Dewey Decimal Classification     Non-fiction Central Library, University of Rajshahi Central Library, University of Rajshahi   08/09/1975 Author. 5.00   B 510.92 HAB 1974 16/11/2016 C-2 Books
  Dewey Decimal Classification     Non-fiction Central Library, University of Rajshahi Central Library, University of Rajshahi   08/09/1975 Jatiyo Shikkhaniti O Patthokrom. 5.00   B 510.92 HAB 1974 27/11/2016 C-3 Books
  Dewey Decimal Classification   Not For Loan Rare Books Central Library, University of Rajshahi Central Library, University of Rajshahi Rare Book Section 08/09/1975 Prof. Sishir Kumar Bhattacharya, Dept. of Mathematics 5.00   BRA 510.92 HAB 1974 02/05/2017 C-1 Rare Books
  Dewey Decimal Classification     Non-fiction Central Library, University of Rajshahi Central Library, University of Rajshahi   08/09/1975 Prof. Sishir Kumar Bhattacharya, Dept. of Mathematics 5.00   B 510.92 HAB 1974 25/01/2020 C-4 Books